[Event "Goch op 26th"]
[Site "Goch"]
[Date "2015.09.05"]
[Round "4"]
[White "Roth, Jan Paul"]
[Black "Kleinschmidt, Irmtraud"]
[Result "1-0"]
[WhiteElo "1723"]
[BlackElo "1445"]
[PlyCount "120"]
[EventDate "2015.09.03"]
[EventType "swiss"]
[EventRounds "7"]
[EventCountry "GER"]
[SourceTitle "EXT 2018"]
[Source "ChessBase"]
[SourceDate "2017.10.13"]
[SourceVersion "1"]
[SourceVersionDate "2017.10.13"]
[SourceQuality "1"]

1. d4 e6 2. e4 d5 3. Nd2 dxe4 4. Nxe4 Nf6 5. Nxf6+ Qxf6 6. Nf3 Qd8 7. Bd3 Be7 8. 0-0 0-0 9. c3 Nd7 10. Bf4 c6 11. Qc2 g6 12. b4 a6 13. a4 Re8 14. Rfe1 Bf6 15. Re2 Nb6 16. Rae1 Nd5 17. Bg3 Bd7 18. a5 Ne7 19. Qd2 Nf5 20. Bxf5 exf5 21. Rxe8+ Bxe8 22. Bf4 Bd7 23. h3 Qf8 24. Be5 Bg7 25. Bxg7 Kxg7 26. Ne5 Be6 27. f4 Re8 28. Nd3 Bd5 29. Rxe8 Qxe8 30. Nc5 Qe7 31. g3 Be6 32. Qe1 Kf8 33. Qe5 Kg8 34. Kf2 h6 35. Qb8+ Kg7 36. Qxb7 Qxb7 37. Nxb7 Bc4 38. Nd8 Bb5 39. c4 Bxc4 40. Nxc6 Kf6 41. Ne5 Bb5 42. d5 g5 43. Ke3 Ke7 44. Kd4 f6 45. Nf3 Kd6 46. Nd2 h5 47. h4 g4 48. Nc4+ Kc7 49. Ne3 Bd7 50. Kc5 Bc8 51. d6+ Kb7 52. Nd5 Be6 53. Nxf6 Bf7 54. b5 axb5 55. a6+ Kb8 56. Kb6 Be6 57. Kxb5 Ka7 58. d7 Bxd7+ 59. Nxd7 Ka8 60. Nf6 Ka7 1-0

[Event "GER-chB Seniors 27th"]
[Site "Magdeburg"]
[Date "2015.08.17"]
[Round "3"]
[White "Kleinschmidt, Irmtraud"]
[Black "Bars, Joachim"]
[Result "1/2-1/2"]
[WhiteElo "1445"]
[BlackElo "1945"]
[PlyCount "67"]
[EventDate "2015.08.15"]
[EventType "swiss"]
[EventRounds "9"]
[EventCountry "GER"]
[SourceTitle "EXT 2018"]
[Source "ChessBase"]
[SourceDate "2017.10.13"]
[SourceVersion "1"]
[SourceVersionDate "2017.10.13"]
[SourceQuality "1"]

1. e4 c6 2. d4 d5 3. Nc3 dxe4 4. Nxe4 Nd7 5. Be2 Ngf6 6. Nxf6+ Nxf6 7. Nf3 Bg4 8. 0-0 e6 9. Bf4 Bd6 10. Bxd6 Qxd6 11. c3 Rd8 12. Re1 0-0 13. Ne5 Bf5 14. Bg4 Nxg4 15. Nxg4 Qf4 16. Ne3 c5 17. Nxf5 Qxf5 18. Re5 Qxe5 19. dxe5 Rxd1+ 20. Rxd1 Ra8 21. c4 Kf8 22. f4 Ke7 23. Kf2 Rf8 24. Ke3 f6 25. exf6+ Rxf6 26. g3 Rh6 27. Rd2 Rh5 28. Ke4 Rf5 29. b3 a5 30. a4 h6 31. Rd3 Rf8 32. Ke5 g6 33. h4 Rf5+ 34. Ke4 1/2-1/2

[Event "Goch op 24th"]
[Site "Goch"]
[Date "2013.09.05"]
[Round "1"]
[White "Kleinschmidt, Irmtraud"]
[Black "Ratzmann, Stefan"]
[Result "0-1"]
[WhiteElo "1499"]
[BlackElo "1979"]
[PlyCount "105"]
[EventDate "2013.09.05"]
[EventType "swiss"]
[EventRounds "7"]
[EventCountry "GER"]
[SourceTitle "EXT 2015"]
[Source "ChessBase"]
[SourceDate "2014.11.20"]
[SourceVersion "1"]
[SourceVersionDate "2014.11.20"]
[SourceQuality "1"]

1. e4 c6 2. Nf3 d5 3. exd5 cxd5 4. d4 Nc6 5. c4 Nf6 6. Nc3 Bg4 7. Be2 e6 8. cxd5 Nxd5 9. Nxd5 Qxd5 10. 0-0 Bd6 11. Be3 0-0 12. a3 Bc7 13. b4 a6 14. Ne5 Bxe2 15. Qxe2 Nxe5 16. dxe5 Qxe5 17. g3 Bb6 18. Rfe1 Bxe3 19. Qxe3 Qxe3 20. Rxe3 Rac8 21. Rd1 Rc7 22. Red3 g6 23. Rd7 Rfc8 24. Rxc7 Rxc7 25. Rd3 Kf8 26. h4 Ke7 27. Kg2 e5 28. Re3 Kd6 29. f4 exf4 30. gxf4 Re7 31. Rf3 Ke6 32. Kg3 Kf5 33. Rc3 h5 34. a4 Re4 35. Rb3 Rxf4 36. a5 Rg4+ 37. Kh3 Re4 38. b5 Re5 39. bxa6 bxa6 40. Rb6 Rxa5 41. Rb4 Rb5 42. Ra4 a5 43. Kg3 f6 44. Kh3 g5 45. hxg5 fxg5 46. Kg2 g4 47. Kg3 Kg5 48. Kg2 h4 49. Kh2 h3 50. Kg3 Rb3+ 51. Kh2 Kh4 52. Rxa5 g3+ 53. Kh1 0-1

[Event "Goch op 23rd"]
[Site "Goch"]
[Date "2012.08.30"]
[Round "1"]
[White "Kleinschmidt, Irmtraud"]
[Black "Oehne, Timo"]
[Result "0-1"]
[WhiteElo "861"]
[BlackElo "1923"]
[PlyCount "90"]
[EventDate "2012.08.30"]
[EventType "swiss"]
[EventRounds "7"]
[EventCountry "GER"]
[SourceTitle "EXT 2015"]
[Source "ChessBase"]
[SourceDate "2014.11.20"]
[SourceVersion "1"]
[SourceVersionDate "2014.11.20"]
[SourceQuality "1"]

1. e4 c6 2. d4 d5 3. exd5 cxd5 4. Nf3 Nc6 5. c4 Nf6 6. Nc3 e6 7. Be2 Be7 8. 0-0 0-0 9. cxd5 Nxd5 10. Nxd5 Qxd5 11. b3 Bf6 12. Bb2 Rd8 13. Rb1 b6 14. Bc3 Bb7 15. Re1 Bxd4 16. Bxd4 Nxd4 17. Qd3 Nxf3+ 18. Qxf3 Qxf3 19. Bxf3 Bxf3 20. gxf3 Kf8 21. Rbc1 Rac8 22. Rxc8 Rxc8 23. Re3 Rc2 24. a4 Ke7 25. Kg2 g5 26. h3 f5 27. Rd3 Rc5 28. b4 Rc4 29. Rb3 e5 30. a5 b5 31. Kg3 a6 32. Kg2 Kd6 33. Rd3+ Rd4 34. Rb3 Kd5 35. Rb1 Kc4 36. Kg3 h5 37. Kg2 Kc3 38. Re1 Kxb4 39. Rxe5 Rf4 40. Re8 Kxa5 41. Rh8 h4 42. Rh5 b4 43. Rxg5 b3 44. Rg8 b2 45. Rb8 Rb4 0-1